El camino abierto por Jesús

Uloženo v:
Podrobná bibliografie
Hlavní autor: Pagola Elorza, José Antonio (autor)
Médium: Kniha
Jazyk:španělština
Vydáno: Buenos Aires PPC 2012
Vydání:1a. ed
Témata:
Tagy: Přidat tag
Žádné tagy, Buďte první, kdo vytvoří štítek k tomuto záznamu!

MARC

LEADER 00000cam a2200000 a 4500
001 UCC4341
003 CL-VaPUC
008 180727e20120000ag |||||||||||||||||spa|d
020 |a 9789872867805 
082 0 4 |a 232  |b PAG  |2 21 
100 |a Pagola Elorza, José Antonio  |e autor  |9 598546 
245 1 3 |a El camino abierto por Jesús 
250 |a 1a. ed 
300 |a v 
942 |c BK 
945 |d 20180727 12:54:00  |a dcastane 
260 |a Buenos Aires  |b PPC  |c 2012 
500 |a v.1: Mateo 
500 |a v.2: Marcos 
500 |a v.3: Lucas 
650 0 |a Evangelios  |9 314864 
650 0 |a Vida de Jesús  |9 478097 
650 0 |a Cristología   |9 315091 
583 |a last modification  |c 20180727 12:54:00  |k Rodrigo Vera 
999 |c 371893  |d 371891 
952 |0 0  |1 0  |3 erb  |4 0  |6 232_000000000000000_PAG_2012  |7 0  |8 A  |9 489097  |a BIBTEO  |b BIBTEO  |h v.1  |i 5484111  |o 232 PAG 2012  |p 5484111  |r 2025-01-17  |w 2019-11-24  |y BK  |z Catalogado en:20180727  |k ICR 
952 |0 0  |1 0  |3 erb  |4 0  |6 232_000000000000000_PAG_2012  |7 0  |8 A  |9 489098  |a BIBTEO  |b BIBTEO  |h v.2  |i 548412K  |o 232 PAG 2012  |p 548412K  |r 2025-01-17  |w 2019-11-24  |y BK  |z Catalogado en:20180727  |k ICR 
952 |0 0  |1 0  |3 erb  |4 0  |6 232_000000000000000_PAG_2012  |7 0  |8 A  |9 489099  |a BIBTEO  |b BIBTEO  |h v.3  |i 5484138  |o 232 PAG 2012  |p 5484138  |r 2025-01-17  |w 2019-11-24  |y BK  |z Catalogado en:20180727  |k ICR